City by picture of famous landmark - Statistics

General Stats
  • This quiz has been taken 42 times
  • The average score is 10 of 16
Answer Stats
Picture Answer % Correct
Pisa
97%
New York City
95%
Paris
95%
Athens
87%
Beijing
87%
Kuala Lumpur
84%
Agra
71%
St. Louis
71%
Jerusalem
66%
Tokyo
66%
Prague
47%
Delhi
39%
Siem Reap
29%
Cape Town
26%
Dresden
16%
Bran
5%
No matching quizzes found
Score Distribution
Percent of People with Each Score
Percentile by Number Answered
Your Score History
You have not taken this quiz